Statistics for R6 Ranked Maps Quiz

Click here to take the quiz!

General Stats

  • This quiz has been taken 71 times
  • The average score is 10 of 14

Answer Stats

Name% Correct
Kafe Dostoyevsky
81%
Border
79%
Clubhouse
79%
Coastline
79%
Oregon
79%
Consulate
77%
Bank
73%
Chalet
69%
Villa
67%
Theme Park
63%
Favela
62%
Kanal
62%
Skyscraper
62%
Outback
58%

Score Distribution

Percentile by Number Answered

Percent of People with Each Score

Your Score History

You have not taken this quiz